|
|
|
|
| LEADER |
01852cas a2200241 a 4500 |
| 001 |
AALejournalIMF021130 |
| 008 |
230101c9999 xx r poo 0 0eng d |
| 020 |
|
|
|c 5.00 USD
|
| 020 |
|
|
|z 9781513551234
|
| 022 |
|
|
|a 1934-7685
|
| 040 |
|
|
|a BD-DhAAL
|c BD-DhAAL
|
| 110 |
2 |
|
|a International Monetary Fund.
|b African Dept.
|
| 245 |
1 |
0 |
|a Senegal :
|b First Review Under the Policy Coordination Instrument and Request for Modification of Quantitative Targets-Press Release; Staff Report; and Statement by the Executive Director for Senegal.
|
| 264 |
|
1 |
|a Washington, D.C. :
|b International Monetary Fund,
|c 2020.
|
| 300 |
|
|
|a 1 online resource (71 pages)
|
| 490 |
1 |
|
|a IMF Staff Country Reports
|
| 500 |
|
|
|a <strong>Off-Campus Access:</strong> No User ID or Password Required
|
| 500 |
|
|
|a <strong>On-Campus Access:</strong> No User ID or Password Required
|
| 506 |
|
|
|a Electronic access restricted to authorized BRAC University faculty, staff and students
|
| 520 |
3 |
|
|a The Covid-19 pandemic has ended a period of buoyant growth averaging about 6 1\2 percent over the last 6 years. Containment measures, lower external demand, reduced remittances, and the sudden stop of travel and tourism are taking a significant toll on the economy. Without forceful policy measures, the current crisis could unravel development gains over the last decade. The authorities have taken strong actions to contain the pandemic and mitigate its economic fallout, supported by significant additional external financing from Senegal's development partners. The IMF disbursed USD 442 million (100 percent of quota) under the RFI/RCF in April.
|
| 538 |
|
|
|a Mode of access: Internet
|
| 830 |
|
0 |
|a IMF Staff Country Reports; Country Report ;
|v No. 2020/225
|
| 856 |
4 |
0 |
|z Full text available on IMF
|u http://elibrary.imf.org/view/journals/002/2020/225/002.2020.issue-225-en.xml
|z IMF e-Library
|